Прекрасная ювелирша. Любовница короля Наваррского: Романы из цикла "Молодость Генриха IV"; пер. с фр.

Podrobná bibliografie
Hlavní autor: Понсон дю Террайль П. А. Пьер Алексис
Jazyk:ruština
Vydáno: Минск, Навука i тэхнiка, 1992
Témata:
Médium: MixedMaterials Kniha
KOHA link:https://koha.lib.tpu.ru/cgi-bin/koha/opac-detail.pl?biblionumber=133583

MARC

LEADER 00000nam0a2200000 4500
001 133583
005 20231031135400.0
010 |a 5343013864 
035 |a (RuTPU)RU\TPU\book\144781 
090 |a 133583 
100 |a 20080319d1992 m y0rusy50 ca 
101 1 |a rus  |c fre 
102 |a BY 
105 |a a z 000ay 
200 1 |a Прекрасная ювелирша. Любовница короля Наваррского  |e Романы из цикла "Молодость Генриха IV"  |e пер. с фр.  |f П. А. Понсон дю Террайль 
210 |a Минск  |c Навука i тэхнiка  |d 1992 
215 |a 288 с.  |c ил. 
610 1 |a французская литература 
610 1 |a романы 
675 |a 84  |v 3 
700 1 |a Понсон дю Террайль  |b П. А.  |g Пьер Алексис 
801 1 |a RU  |b 63413507  |c 20080319  |g PSBO 
942 |c BK